|
|
|
|
| LEADER |
00871cam a2200205 7i4500 |
| 001 |
0000020800 |
| 005 |
20171117090000.0 |
| 008 |
080304 eng |
| 020 |
|
|
|a 9780470060766 (hbk.)
|
| 090 |
0 |
0 |
|a TK6561
|b .L89 2007
|
| 100 |
1 |
|
|a Luzzatto, Ariel
|
| 245 |
1 |
0 |
|a Wireless transceiver design :
|b mastering the design of modern wireless equipment and systems
|c Ariel Luzzatto and Gadi Shirazi.
|
| 260 |
|
|
|a West Sussex, England:
|b John Wiley & Sons,
|c 2007.
|
| 300 |
|
|
|a xx, 265 p.:
|b ill.;
|c 26 cm.
|
| 504 |
|
|
|a Includes bibliographical references and index
|
| 650 |
0 |
0 |
|a Radio --
|x Transmitter-receivers
|
| 700 |
1 |
|
|a Shirazi, Gadi
|
| 997 |
|
|
|a Engineering & Life Sciences, Faculty
|b Engineering, Department
|
| 997 |
|
|
|a Communication, Visual Art & Computing, Faculty
|b Computing, Department
|
| 999 |
|
|
|a 0000030300
|b BOK
|c OPEN SHELF
|e 2nd Floor, Bestari Jaya
|